| 000 | 00592nam a2200229Ia 4500 | ||
|---|---|---|---|
| 003 | OSt | ||
| 005 | 20221005065917.0 | ||
| 006 | a|||||r|||| 00| 0 | ||
| 007 | ta | ||
| 008 | 221004b |||||||| |||| 00| 0 mar d | ||
| 024 | _a40959 | ||
| 037 | _cTextual | ||
| 040 |
_aCRL _cCRL _bmar |
||
| 041 |
_2mar _amar |
||
| 082 | _aO155,2NBO,12, J0 | ||
| 245 | 0 | _aAttkepar | |
| 260 |
_aMumbai _bG.P.parchuray prakashan India _c1950 |
||
| 300 |
_a115p. _ccm. |
||
| 650 |
_aMARATHI LITERATURE _938000 |
||
| 942 |
_hO155,2NBO,12, J0 _cTEXL _2cc |
||
| 999 |
_c975416 _d975416 |
||